| 000 | 00638nam a22002297a 4500 | ||
|---|---|---|---|
| 003 | URS | ||
| 005 | 20250828100451.0 | ||
| 008 | 250403b ||||| |||| 00| 0 eng d | ||
| 020 | _a971 - 23 - 1002 - 7 | ||
| 040 | _cURS | ||
| 050 |
_aHF5549 _b.S65 1981 |
||
| 100 | 1 | _aSison, Perfecto S. | |
| 245 | _aPersonnel and human resources management | ||
| 250 | _a Sixth edition | ||
| 264 |
_aManila _bRex Book Store _c©1991 |
||
| 300 |
_axiv, 587 pages : _billustrations ; _c25 cm. |
||
| 336 |
_2rdacontent _atext |
||
| 337 |
_2rdamedia _aunmediated |
||
| 338 |
_2rdacarrier _avolume |
||
| 650 | _aPersonnel management | ||
| 942 |
_cF _2lcc |
||
| 999 |
_c84647 _d84645 |
||